00648nam a22001937a 450000500170000001000150001702000260003203500140005803700130007208200170008510000240010224500830012626000250020927000840023430000280031850000670034650000220041370000190043520181011123845.0 aENG-124235 a9789352869015c749.00 aEN-107767 bDBAD/PUB a686.22544536 aAnton, Kelly Kordes aId adobe in design CC 2018 release /bby Kelly Kordes Anton [and] Tina Dejarld aNoidabPearsonc2018 a15th Floor, Tower B, Worls Trade Tower, Plot No.1, Block -CbNoida (UP)e201301 a422p.c25cm.(pbk)bill. aClassroom in a book, the official training workbook from adobe aIt includes index a Dejarld, Tina